| 000 | 00684nam a22002057a 4500 | ||
|---|---|---|---|
| 005 | 20230511070720.0 | ||
| 008 | 230511b ||||| |||| 00| 0 eng d | ||
| 020 | _a9789876283014 | ||
| 040 |
_aCO-BoUCM _cDavid Moreno _dDavid Moreno |
||
| 041 | _aspa | ||
| 100 |
_a Hesse, Hermann _d1877-1962 _968039 |
||
| 245 |
_aNarciso y Goldmundo _cHerman Hesse; traducción de Luis Tobio. |
||
| 260 |
_aCiudad Autónoma de Buenos Aires _bEdhasa _c2019 |
||
| 300 | _a368 paginas | ||
| 650 |
_aNovela Alemana _920461 |
||
| 650 |
_975 _aNarrativa Alemana |
||
| 700 |
_aTobio, Luis, tr. _9177421 |
||
| 942 |
_2DEWEY _a18 _cLIBRO _e1 _h833.8 _mH552 _n0 |
||
| 999 |
_c322588 _d322588 |
||